Responses for Show #2139 - Thursday, December 16, 1993

Contestants

[<< previous game]

Neal Favret, a law student from New Orleans, Louisiana

Barney Agnew, a guest service agent from Chicago, Illinois

Sandy Silk, a certified financial planner originally from Fall River, Massachusetts (whose 2-day cash winnings total $15,800)

[next game >>]

Jeopardy! Round responses

CANADA
PHOBIAS
BOTANY
INVENTORS
RHYME TIME
THE SPORT PLAYED
    $100 11
100

Sandy
    $100 16
(Barney: What are bad habits?)

dust

SandyBarney
    $100 21
sap

Neal
    $100 26
the telephone

Neal
    $100 6
old gold

Sandy
    $100 1
tennis

Neal
    $200 12
Vancouver

Sandy
    $200 17
pleasure

Neal
    $200 22
potatoes

Neal
    $200 27
television

Triple Stumper
    $200 7
boil oil

Neal
    $200 2
football

Neal
    $300 13
Quebec

Sandy
    $300 18
snow

Sandy
    $300 23
pollen sacs

Neal
    $300 28
a lock

Barney
    $300 8
a tartan carton

Sandy
    $300 3
basketball

Barney
    $400 14
Ottawa

Sandy
    $400 19
work

Sandy
    $400 24
(Barney: What are cherries?)

the blueberry

Barney
Triple Stumper
    $400 29
a steam engine

Sandy
    $400 9
a heavy levy

Sandy
    $400 4
baseball

Neal
    $500 15
Halifax

Barney
    $500 20
the wind

Neal
    $500 25
succulents

Neal
    $500 30
Sloan-Kettering

Sandy
    $500 10
(Barney: What is a Norse horse?)
...
(Alex: The emphasis on the equestrian, not the equine.)

a Norseman horseman

SandyBarney
    $500 5
golf

Sandy

Scores at the first commercial break (after clue 15):

Sandy Barney Neal
$2,800 $300 $900

Scores at the end of the Jeopardy! Round:

Sandy Barney Neal
$4,500 $100 $2,800

Double Jeopardy! Round responses

EUROPEAN CITIES
BOTTOMS UP!
LITERARY CHARACTERS
THE CIVIL WAR
COMPOSERS
MOVIE "IN"s & "OUT"s
    $200 2
(Barney: What is Warsaw?)

Krakow

SandyBarney
    $200 7
a mint

Sandy
    $200 16
Catch-22

Neal
    $200 21
the Monitor

Barney
    $200 26
Beethoven

Sandy
    $200 1
Out of Africa

Sandy
    $400 3
Germany

Sandy
    $400 8
martinis

Neal
    $400 17
Cyrano

Neal
    $400 22
Jefferson Davis

Neal
    $400 27
Bach

Barney
    $400 10
In The Heat of the Night

Neal
    $600 4
Milan

Sandy
    $600 9
a daiquiri

Barney
    $600 18
Jo

Barney
    $600 23
(The First Battle of) Bull Run

Sandy
    $800 28
Chopin

Barney
    $600 13
In Cold Blood

Sandy
    $800 5
Kiev

Sandy
    $800 11
ouzo

Neal
    $800 19
QB VII

Neal
    $800 24
Vicksburg

Barney
    $800 29
(Barney: Who is Vivaldi?)

Joseph Haydn

Barney
Triple Stumper
    $800 14
The Out-of-Towners

Barney
    $1000 6
[Applause for Sandy's run of the category]

Antwerp

Sandy
    $1000 12
a rusty nail

Neal
    $1000 20
Sherlock Holmes

Neal
    $3,900 25
(Barney: Who was Seward?)
(Alex: Oh, you picked the wrong one. The correct response was [*]. Remember, he's the one who said after Lincoln was assassinated, "Now he belongs to the ages.")

Edwin Stanton

Barney
    $1000 30
(Barney: Who was Chopin?)
(Neal: Who was Liszt?)

Ignace Jan Paderewski

BarneyNeal
Triple Stumper
    $1000 15
In Country

Barney

Scores at the end of the Double Jeopardy! Round:

Sandy Barney Neal
$9,300 -$600 $7,200

[wagering suggestions for these scores]

Final Jeopardy! Round responses

20th CENTURY WOMEN
(Alex: I'm going to propose a few names that would come to mind in this kind of a situation. Perhaps Mrs. Eisenhower, perhaps Golda Meir, two of the possibilities, obviously.)
...
(Alex: The correct response is [*], who was crowned in 1953, and that's why she was the Woman of the Year.)
NealWho was Golda Meir
$0
SandyWho was Mamie Eisenhower
$5,101
Queen Elizabeth II

Final scores:

Sandy Barney Neal
$4,199 -$600 $7,200
2nd place: trip to Tampa, Florida 3rd place: American Pearl Company pearl pendant necklace New champion: $7,200

Game dynamics:

Coryat scores:

Sandy Barney Neal
$9,300 $3,100 $7,200
24 R,
0 W
11 R
(including 1 DD),
7 W
(including 1 DD)
20 R
(including 1 DD),
1 W

Combined Coryat: $19,600

[game clues] [game scores] [suggest correction]

Game tape date: 1993-09-13
The J! Archive is created by fans, for fans. Scraping, republication, monetization, and malicious use prohibited; this site may use cookies and collect identifying information. See terms. The Jeopardy! game show and all elements thereof, including but not limited to copyright and trademark thereto, are the property of Jeopardy Productions, Inc. and are protected under law. This website is not affiliated with, sponsored by, or operated by Jeopardy Productions, Inc. Join the discussion at JBoard.tv.